| 000 | 00340nam a22001337a 4500 | ||
|---|---|---|---|
| 003 | OSt | ||
| 005 | 20230801222939.0 | ||
| 008 | 230801b |||||||| |||| 00| 0 eng d | ||
| 040 | _cCO-JMCR | ||
| 082 | 0 | 4 |
_aG / _bMONm |
| 100 | 1 | 0 |
_aMontagut, Guillermo, _942908 |
| 245 |
_aManual de redacción / Guillermo _cGuillermo Montagut |
||
| 942 |
_2ddc _cBK |
||
| 999 |
_c30239 _d16623 |
||